| 000 | 00000nam 2200000zi 4500 |
| 001 | 9.933723 |
| 003 | CaOODSP |
| 005 | 20251103145130 |
| 006 | m o d f |
| 007 | cr |n||||||||| |
| 008 | 240209e202002##onc o f|0| 0 fre d |
| 040 | |aCaOODSP|bfre|erda|cCaOODSP |
| 043 | |an-cn--- |
| 086 | 1 |aJ2-350/2020F-PDF |
| 245 | 00|aReponse du Gouvernement du Canada au rapport de la Commision d'examen de la rémunération des juges. |
| 264 | 1|a[Ottawa] : |bMinistère de la Justice Canada = Department of Justice Canada, |cfévrier 2020. |
| 264 | 4|c©2020 |
| 300 | |a1 ressource en ligne (7 pages non numérotées) |
| 336 | |atexte|btxt|2rdacontent/fre |
| 337 | |ainformatique|bc|2rdamedia/fre |
| 338 | |aressource en ligne|bcr|2rdacarrier/fre |
| 500 | |aPublié aussi en anglais sous le titre : Response of the Government of Canada to the Report of the Judicial Compensation and Benefits commission. |
| 650 | 6|aSalaires|xJuges|zCanada. |
| 710 | 1 |aCanada. |bMinistère de la justice, |eorganisme de publication. |
| 775 | 08|tResponse of the Government of Canada to the Report of the Judicial Compensation and Benefits Commission.|w(CaOODSP)9.930237 |
| 856 | 40|qPDF|s183 Ko|uhttps://publications.gc.ca/collections/collection_2024/jus/J2-350-2020-fra.pdf |